000 00761cam a22001934a 4500
005 20250605164146.0
008 250528s ||||||||||||||||||||||||d
035 _a19171
020 _a798301104
040 _aGR-AtMCL
_bgre
_dGR-AtMCL
_eAACR2
245 1 _aAfrica at a Glance 1992 / Facts and Figures
260 _bFaber And Faber,
_c1992
300 _a124
520 _aThere is one company that reaches across rivers and mountains to span an entire sub-continent, helping to build prosperity. Editorial Notes, Basic Data, Regions and Groupings, Political Data, Economic and Social Data, Miscellaneous Data, Selected Sources, Editorial Notes, Acknowledgements.
700 1 _aEsterhuysen Pieter
_95411
942 _cBK
999 _c4445
_d4445